|
|
|
|
| LEADER |
00000nam0a2200000 4500 |
| 001 |
183392 |
| 005 |
20231031171514.0 |
| 010 |
|
|
|a 5781508198
|
| 020 |
|
|
|a RU
|b 90-54460
|
| 035 |
|
|
|a (RuTPU)RU\TPU\book\198803
|
| 090 |
|
|
|a 183392
|
| 100 |
|
|
|a 20100719d1990 k y0rusy5003 ca
|
| 101 |
0 |
|
|a rus
|
| 102 |
|
|
|a BY
|
| 105 |
|
|
|a y z 001zy
|
| 200 |
1 |
|
|a Теория и методы автоматизации проектирования сложных систем и автоматизации научных исследований
|e сборник статей
|f Академия наук Белорусской ССР (АН БССР), Институт технической кибернетики (ИТК) ; под ред. Е. А. Стародетко
|
| 210 |
|
|
|a Минск
|c ИТК
|d 1990
|
| 215 |
|
|
|a 112 с.
|
| 320 |
|
|
|a Библиогр. в конце ст.
|
| 610 |
1 |
|
|a спектральный анализ
|
| 610 |
1 |
|
|a базы данных
|
| 610 |
1 |
|
|a преобразование Хартли
|
| 610 |
1 |
|
|a лазерная запись
|
| 610 |
1 |
|
|a эргатические системы
|
| 610 |
1 |
|
|a автоматизация
|
| 610 |
1 |
|
|a проектирование
|
| 610 |
1 |
|
|a сложные системы
|
| 610 |
1 |
|
|a статьи
|
| 610 |
1 |
|
|a сборники
|
| 675 |
|
|
|a 681.51.001.63
|z rus
|
| 686 |
|
|
|a Ч215.31
|2 rubbk
|
| 702 |
|
1 |
|a Стародетко
|b Е. А.
|4 340
|
| 712 |
0 |
2 |
|a Академия наук Белорусской ССР (АН БССР)
|b Институт технической кибернетики (ИТК)
|c (Минск)
|2 stltpush
|3 (RuTPU)RU\TPU\col\443
|
| 801 |
|
0 |
|a RU
|b RuMRKP
|c 19960705
|g psbo
|
| 801 |
|
1 |
|a RU
|b 63413507
|c 20100719
|
| 801 |
|
2 |
|a RU
|b 63413507
|c 20130625
|g RCR
|
| 942 |
|
|
|c BK
|